Countries with letter E as Second Letter - Statistics

General Stats
  • This quiz has been taken 217 times
  • The average score is 16 of 23
Answer Stats
Country % Correct
Belgium
86%
Peru
86%
Denmark
85%
Mexico
82%
Venezuela
82%
Germany
80%
Belize
76%
Kenya
76%
New Zealand
76%
Senegal
75%
Yemen
75%
Belarus
74%
Benin
72%
Lebanon
72%
Netherlands
72%
Lesotho
69%
Nepal
68%
Serbia
63%
Seychelles
62%
Georgia
52%
Democratic Republic of the Congo
47%
Central African Republic
43%
Republic of the Congo
39%
No matching quizzes found
Score Distribution
Percent of People with Each Score
Percentile by Number Answered
Your Score History
You have not taken this quiz